| 000 | 01643nam a2200253Ia 4500 | ||
|---|---|---|---|
| 008 | 260220t1981||||xx |||||||||||||| ||spa|| | ||
| 020 | _a8402079121 | ||
| 040 |
_aPY-SlUNAC _bspa _erda |
||
| 041 | _aspa | ||
| 082 |
_a808.4 _bB113c |
||
| 100 |
_aBabel, Isaak E. _eAutor |
||
| 245 | 0 |
_aCuentos de Odessa / _cpor Isaak E. Babel [Autor] |
|
| 264 |
_aBarcelona : _bBruguera, _c℗1981. |
||
| 300 | _a1 volumen | ||
| 520 | _a"Cuentos de Odessa" de Isaak Babel es una colección de relatos que retratan la vida en la ciudad portuaria de Odessa a inicios del siglo XX, ofreciendo un vívido panorama de la diversidad cultural y social de la época. A través de una prosa ágil y poética, Babel narra las experiencias de una variedad de personajes, incluyendo judíos, criminales y soldados, reflejando la complejidad de las interacciones humanas en un entorno marcado por la violencia y la alegría. La obra destaca por su capacidad para capturar la esencia de la vida urbana, así como por su exploración de temas como la identidad, el destino y la moralidad. A menudo, los relatos se entrelazan, creando un sentido de continuidad y comunidad, mientras que la mirada crítica del autor hacia la realidad social invita a la reflexión. La habilidad de Babel para combinar lo trágico y lo cómico hace de esta colección una obra fundamental en la literatura rusa y una ventana a la vida en Odessa. | ||
| 651 | _aOdessa | ||
| 653 | _aCuentos | ||
| 653 | _aLiteratura | ||
| 942 |
_b2026/02/17 _cBK |
||
| 999 |
_c8912 _d8912 |
||